000 01150cam a2200229 4500
001 WB3934-04
008 030910n2003 000 0 eng u
035 _a(Sirsi) u123548
245 _aGreen homes called for in the Thames Gateway
260 _c2003
490 _aRegeneration and Renewal
_v 5 September 2003, 11(1)
520 _aReport by WWF-UK calls for government to intervene to ensure that development throughout the Thames Gateway along with other growth areas meets the highest possible sustainable development targets. It recommends that new communities are developed to Z2 standards or at least to the highest Building Research Establishment EcoHomes Standard. This would result in a 32% reduction in carbon dioxide emissions and 39% reduction in water use. For the report "One planet living in the Thames Gateway" http://www.wwf.org.uk/filelibrary/pdf/thamesgateway.pdf
590 _aWB
650 _aCONSTRUCTION STANDARDS
650 _aWWF-UK
650 _aTHAMES GATEWAY
650 _aZERO ENERGY STANDARDS
650 _aECOHOMES
650 _aBRE
690 _aBUILT ENVIRONMENT-SUSTAINABLE CONSTRUCTION
942 _n0
999 _c73381
_d73381